| 000 | 00661cam a22001691 4500 | ||
|---|---|---|---|
| 082 |
_a621.48042 _bJAY _cL-7, P-11 |
||
| 110 | 1 |
_aGreat Britain. _939715 |
|
| 245 | 1 | 0 |
_aBritain's atomic factories; _bthe story of atomic energy production in Britain, _cby K.E.B. Jay. [Prepared by the Ministry of Supply and the Central Office of Information] |
| 260 |
_aLondon, _bH.M. Stationery Off., _c1954. |
||
| 300 |
_ax, 100 p. _billus. _c22 cm. |
||
| 526 |
_a0 _b0 _c0 _d621_480420000000000_JAY |
||
| 650 | 0 |
_aMCE _9379 |
|
| 650 | 0 |
_aNuclear industry _zGreat Britain. _941811 |
|
| 700 | 1 |
_aJay, Kenneth Edmund Brian. _941812 |
|
| 710 | 1 |
_aGreat Britain. _939715 |
|
| 942 |
_2ddc _cBK |
||
| 999 |
_c545843 _d545843 |
||